000 00846nam a2200277Ia 4500
003 OSt
005 20221006160228.0
006 a|||||r|||| 00| 0
007 ta
008 221006b |||||||| |||| 00| 0 eng d
020 _a9788956384382
_cW19,000
024 _a44,680
037 _bGift, Window on Korea
_cTextual
040 _aEASL
_cEASL
_beng
041 _2eng
_aeng
082 _aNR495.A, P8
100 _aKwon Ohsung
_9672537
245 0 _aEssay on Korean traditional music cultural
260 _aSeoul
_bMinsokwon Publishing Co. Korea
_c2008
300 _a254p.
_ccm.
490 _v KEL
_aMinsokwon Korean studies series 3/Music
500 _aA collection of Soam Kwon, Ohsung's work. V.4
650 _aKEL
942 _hNR495.A, P8
_cTEXL
_2CC
999 _c1112772
_d1112772